[Event "Rosario op"]
[Site "Rosario"]
[Date "2000.??.??"]
[Round "5"]
[White "Rubinetti, Jorge Alberto"]
[Black "Cuberlis, Jose A"]
[Result "1-0"]
[WhiteElo "2441"]
[BlackElo "2105"]
[PlyCount "45"]
[EventDate "2000.06.??"]
[EventType "swiss"]
[EventRounds "7"]
[EventCountry "ARG"]
[SourceTitle "EXT 2001"]
[Source "ChessBase"]
[SourceDate "2000.11.22"]
[SourceVersion "1"]
[SourceVersionDate "2000.11.22"]
[SourceQuality "1"]

1. e4 c5 2. g3 Nc6 3. Bg2 g6 4. c3 Bg7 5. Ne2 Nf6 6. d4 cxd4 7. Nxd4 d5 8. e5 Ne4 9. f3 Qa5 10. Kf1 f6 11. fxe4 fxe5 12. exd5 0-0+ 13. Kg1 Nxd4 14. cxd4 exd4 15. Nd2 d3 16. h3 Bd4+ 17. Kh2 Bf5 18. Nb3 Qb6 19. Nxd4 Qxd4 20. Qg1 Qb4 21. Qe1 Qb5 22. Rf1 h5 23. Qe5 1-0

[Event "Rosario op"]
[Site "Rosario"]
[Date "2000.??.??"]
[Round "7"]
[White "Rubinetti, Jorge Alberto"]
[Black "Dolezal, Cristian"]
[Result "0-1"]
[WhiteElo "2441"]
[BlackElo "2315"]
[PlyCount "74"]
[EventDate "2000.06.??"]
[EventType "swiss"]
[EventRounds "7"]
[EventCountry "ARG"]
[SourceTitle "EXT 2001"]
[Source "ChessBase"]
[SourceDate "2000.11.22"]
[SourceVersion "1"]
[SourceVersionDate "2000.11.22"]
[SourceQuality "1"]

1. e4 g6 2. d4 Bg7 3. Nc3 d6 4. Be3 a6 5. a4 Nf6 6. h3 0-0 7. Nf3 b6 8. Bd3 e6 9. 0-0 Nc6 10. Re1 Nb4 11. Bf1 Bb7 12. Nd2 Qe7 13. f3 Rfd8 14. Ncb1 Qf8 15. a5 b5 16. c3 Nc6 17. b4 Nd7 18. Na3 f5 19. Qb3 Qf7 20. g3 Re8 21. Bg2 Rab8 22. Rad1 Ne7 23. Nc2 Nf6 24. g4 h6 25. Re2 g5 26. Rde1 fxe4 27. fxe4 Ng6 28. Rf1 e5 29. dxe5 dxe5 30. Qxf7+ Kxf7 31. Nb3 Nf4 32. Bxf4 exf4 33. Nc5 Nd5 34. Nxb7 Nxc3 35. Rd2 Rxb7 36. e5 Rbb8 37. Rd7+ Kf8 0-1

[Event "ARG-ch Najdorf Memorial"]
[Site "Buenos Aires"]
[Date "1999.12.03"]
[Round "12"]
[White "Rubinetti, Jorge Alberto"]
[Black "Sorin, Ariel"]
[Result "0-1"]
[WhiteElo "2432"]
[BlackElo "2501"]
[PlyCount "106"]
[EventDate "1999.11.19"]
[EventType "tourn"]
[EventRounds "13"]
[EventCountry "ARG"]
[EventCategory "9"]
[SourceTitle "CBM 074"]
[Source "ChessBase"]
[SourceDate "2000.02.01"]
[SourceVersion "1"]
[SourceVersionDate "2000.02.01"]
[SourceQuality "1"]

1. d4 Nf6 2. Nf3 g6 3. g3 Bg7 4. Bg2 0-0 5. 0-0 d6 6. a4 Nc6 7. a5 e5 8. dxe5 dxe5 9. Nfd2 Qe7 10. a6 e4 11. axb7 Bxb7 12. Nb3 Rad8 13. Qe1 Nd5 14. Na3 Ba6 15. c4 Nb6 16. Nb5 Nb4 17. Rxa6 Nxa6 18. Qa5 Nb8 19. c5 Nc4 20. Qxa7 e3 21. Qxc7 exf2+ 22. Kxf2 Qe6 23. Qf4 Be5 24. Qf3 Nxb2 25. Bh6 Rfe8 26. c6 Nxc6 27. Nc5 Qe7 28. Ne4 Nd4 29. Nxd4 Bxd4+ 30. e3 Nd3+ 31. Kg1 f5 32. exd4 Qxe4 33. Qxe4 fxe4 34. Be3 Nb4 35. Rc1 Rc8 36. Rxc8 Rxc8 37. Bd2 Nc2 38. Bxe4 Nxd4 39. Kf2 Kf7 40. h4 h5 41. Bg5 Rb8 42. Bd5+ Kg7 43. Bf4 Rb2+ 44. Ke3 Nf5+ 45. Kf3 Kf6 46. Be4 Rb3+ 47. Kf2 Rb4 48. Kf3 Nd4+ 49. Ke3 Ne6 50. Bd6 Rb6 51. Bf4 Rb3+ 52. Kf2 Nxf4 53. gxf4 Rh3 0-1

[Event "ARG-ch Najdorf Memorial"]
[Site "Buenos Aires"]
[Date "1999.12.01"]
[Round "10"]
[White "Rubinetti, Jorge Alberto"]
[Black "Tempone, Marcelo"]
[Result "1/2-1/2"]
[WhiteElo "2432"]
[BlackElo "2423"]
[PlyCount "112"]
[EventDate "1999.11.19"]
[EventType "tourn"]
[EventRounds "13"]
[EventCountry "ARG"]
[EventCategory "9"]
[SourceTitle "CBM 074"]
[Source "ChessBase"]
[SourceDate "2000.02.01"]
[SourceVersion "1"]
[SourceVersionDate "2000.02.01"]
[SourceQuality "1"]

1. d4 Nf6 2. c4 e6 3. Nf3 c5 4. d5 d6 5. Nc3 exd5 6. cxd5 g6 7. Bg5 Bg7 8. e3 h6 9. Bh4 0-0 10. Nd2 a6 11. a4 Nbd7 12. Be2 Rb8 13. Nc4 Nb6 14. Nxd6 Qxd6 15. Bg3 Qd8 16. Bxb8 Nfxd5 17. 0-0 Be6 18. Nxd5 Nxd5 19. e4 Qxb8 20. exd5 Rd8 21. Bf3 Bf5 22. Rc1 Bd4 23. b4 b6 24. Qd2 Bf6 25. h4 Bxh4 26. Qxh6 Be7 27. bxc5 Bxc5 28. Rfe1 Bf8 29. Qh4 b5 30. axb5 axb5 31. Be4 Bxe4 32. Qxe4 b4 33. Rb1 Qb5 34. Red1 Re8 35. Qf3 Bd6 36. g3 Re5 37. Kg2 Kg7 38. Qd3 Qb8 39. Qd4 Kg8 40. Re1 b3 41. Rxe5 Bxe5 42. Rxb3 Qxb3 43. Qxe5 Qb7 44. Kh2 Qb6 45. Qf4 Qc5 46. d6 Qh5+ 47. Qh4 Qc5 48. Qf6 Qh5+ 49. Kg1 Qd1+ 50. Kg2 Qd5+ 51. f3 Qb5 52. Qd4 Qe2+ 53. Kg1 Qe1+ 54. Kg2 Qe2+ 55. Qf2 Qd3 56. Qc5 Qe2+ 1/2-1/2